Statistics for Imagine Dragons ALL Songs

Click here to take the quiz!

General Stats

  • This quiz has been taken 92 times
    (78 since last reset)
  • The average score is 53 of 154

Answer Stats

Answer% Correct
Believer
88%
Radioactive
86%
Bones
81%
Natural
81%
Thunder
79%
Demons
70%
Bad Liar
65%
On Top Of The World
65%
Zero
65%
Amsterdam
63%
Follow You
63%
Sharks
63%
#1
60%
It's Time
60%
Warriors
60%
Whatever It Takes
60%
Gold
58%
Monster
58%
Birds
56%
Shots
56%
Smoke And Mirrors
53%
Wrecked
53%
Bleeding Out
51%
I'm So Sorry
51%
Love
51%
Tiptoe
51%
Walking The Wire
51%
Bullet In A Gun
49%
Dull Knives
49%
Monday
49%
Polaroid
49%
The Fall
49%
Fear
47%
Hopeless Opus
47%
I Bet My Life
47%
I Don't Know Why
47%
Lonely
47%
My Life
47%
Roots
47%
Selene
47%
Yesterday
47%
America
44%
Blur
44%
Cutthroat
44%
Easy
44%
Giants
44%
Hear Me
44%
Machine
44%
Mouth Of The River
44%
Next To Me
44%
Nothing Left To Say
44%
Tokyo
44%
Boomerang
42%
Crushed
42%
Dancing In The Dark
42%
Dream
42%
Emma
42%
Ferris Wheel
42%
I'll Make It Up To You
42%
No Time For Toxic People
42%
Rocks
42%
Symphony
42%
Battle Cry
40%
Burn Out
40%
Cool Out
40%
Easy Come Easy Go
40%
I Don't Like Myself
40%
One Day
40%
Rise Up
40%
They Don't Know You Like I Do
40%
Waves
40%
Cha-Ching
37%
Digital
37%
Only
37%
Start Over
37%
Thief
37%
Tied
37%
Trouble
37%
West Coast
37%
Who We Are
37%
Fallen
35%
Friction
35%
Higher Ground
35%
The Unknown
35%
Younger
35%
All Eyes
33%
Born To Be Yours
33%
Bubble
33%
I'm Happy
33%
It Comes Back To You
33%
It's Ok
33%
I Wish
33%
Love Of Mine
33%
Working Man
33%
Peace Of Mind
30%
Release
30%
Sirens
30%
Sucker For Pain
30%
Every Night
28%
Round and Round
28%
Stuck
28%
The River
28%
Underdog
28%
Cover Up
26%
I Don't Mind
26%
I Was Me
26%
Levitate
26%
Not Today
26%
Real Life
26%
Drive
23%
My Fault
23%
30 Lives
21%
All For You
21%
Boots
21%
Lost Cause
21%
Second Chances
21%
Take It Easy
21%
Dolphins
19%
Pantomime
19%
Ready Aim Fire
19%
Clouds
16%
Curse
16%
Destination
16%
Imagine Dragons
16%
Darkness
12%
I Need A Minute
12%
Pistol Whip
12%
Speak To Me
12%
The Pit
12%
Uptight
12%
Curtain Call
9%
February
9%
Leave Me
9%
Look How Far We've Come
9%
Stars
9%
Unseen
9%
Bottle Of Coke
7%
Living Musical
7%
Volume Drops
7%
Wings
7%
Blood
5%
Continual (ft. Cory Henry)
5%
I Am Just A Sailor
5%
I Wish You Well
5%
Off to War
5%
Take Take Take
5%
We All Fall Down
5%
Enemy (ft. JID)
2%
Falling Into You
2%
Hole In Our Chests
2%
Insane
2%
Tessa
2%
You Don't Stop You Run
2%
Hands
0%

Score Distribution

Percentile by Number Answered

Percent of People with Each Score

Your Score History

You have not taken this quiz since the last reset